LEADER 00814nam0-22002771i-450- 001 990002060360403321 005 20090424101229.0 035 $a000206036 035 $aFED01000206036 035 $a(Aleph)000206036FED01 035 $a000206036 100 $a20030910f19901990km-y0itay50------ba 101 0 $aita 200 1 $aFeromoni nel controllo degli insetti$eguida all'uso di traptest e mastrap 210 $aNovara$cIstituto Guido Donegani$aMilano$cAgrimont$d[1990?] 215 $aIV, 68 p.$cill.$d24 cm 610 0 $aSemiochimici 610 0 $aFeromoni 676 $a595.7 801 0$aIT$bUNINA$gRICA$2UNIMARC 901 $aBK 912 $a990002060360403321 952 $a61 VIII A.1/18$b7503 (12/4/99)$fDAGEN 959 $aDAGEN 996 $aFeromoni nel controllo degli insetti$9365397 997 $aUNINA LEADER 01549nam 2200361Ia 450 001 996391521503316 005 20200824132627.0 035 $a(CKB)1000000000658846 035 $a(EEBO)2248547845 035 $a(OCoLC)ocm12227343e 035 $a(OCoLC)12227343 035 $a(EXLCZ)991000000000658846 100 $a19850702d1687 uy | 101 0 $aeng 135 $aurbn||||a|bb| 200 10$aParaie?remata, or, Select physical and chyrurgical observations$b[electronic resource] $econtaining divers remarkable histories of cures, done by several famous physicians, and above seven hundred eminent cures, in the most usual diseases happening to humane bodies, performed by the author William Salmon, professor of physick : with useful tables for the whole work, as also large and plain directions for the use of every instrument 210 $aLondon $cPrinted for Thomas Passinger, and John Richardson, and are sold by Randal Taylor ... Josias Mitchel ...$d1687 215 $a[26], 523, [42] p. $cill 300 $aReproduction of original in Cambridge University Library. 300 $aIncludes advertisement. 300 $aIndex: p. [2]-[41] at end. 330 $aeebo-0021 606 $aMedicine$vEarly works to 1800 615 0$aMedicine 700 $aSalmon$b William$f1644-1713.$0717514 801 0$bEAA 801 1$bEAA 801 2$bm/c 801 2$bWaOLN 906 $aBOOK 912 $a996391521503316 996 $aParaie?remata, or, Select physical and chyrurgical observations$92301995 997 $aUNISA